Multiple-Choice-Stadtquiz Moers - Statistiken

Allgemein
  • Dieses Quiz wurde 103 mal gespielt
  • Das Durchschnittsergebnis liegt bei 6 aus 10
Antwortstatistiken
Frage Antwort % Korrekt
In welchem Bundesland liegt Moers? Nordrhein-Westfalen
97%
An welche Großstadt grenzt Moers im Osten? Duisburg
92%
Klicke auf das Wappen von Moers!
69%
Von welchen drei Autobahnen wird Moers umgeben? A40, A42, A57
68%
Welche dieser Aussagen trifft zu? Moers ist die größte Stadt Deutschlands, die weder kreisfrei noch Sitz eines Kreises ist
63%
Wie viele Einwohner hat Moers ungefähr? 105.000
59%
Was ist das Wahrzeichen von Moers? Schloss Moers
55%
Wie heißt das bekannte Festivalgelände in Moers? Kastellplatz
45%
Welcher Fluss fließt durch Moers? Moersbach
40%
Wie heißt die größte Einkaufsstraße in der Innenstadt? Steinstraße
40%
Keine übereinstimmenden Quizze gefunden
Verteilung der Resultate
Anzahl Personen mit jedem Resultat
Perzentil nach korrekt beantworteten Fragen
Ihre Resultats-Entwicklung
Sie haben dieses Quiz noch nicht gespielt